Games of Strategy 6/e {ISE} (Record no. 8594)

MARC details
000 -LEADER
fixed length control field 00310nam a2200133Ia 4500
008 - FIXED-LENGTH DATA ELEMENTS--GENERAL INFORMATION
fixed length control field 260604s9999 xx 000 0 und d
020 ## - INTERNATIONAL STANDARD BOOK NUMBER
International Standard Book Number 9781324087182
082 ## - DEWEY DECIMAL CLASSIFICATION NUMBER
Classification number 658.4 DIX
100 ## - MAIN ENTRY--PERSONAL NAME
Personal name Avinash dixit
9 (RLIN) 35765
245 #0 - TITLE STATEMENT
Title Games of Strategy 6/e {ISE}
260 ## - PUBLICATION, DISTRIBUTION, ETC.
Name of publisher, distributor, etc. NORTAN
500 ## - GENERAL NOTE
General note Strategy
942 ## - ADDED ENTRY ELEMENTS (KOHA)
Koha item type Book
Holdings
Date last seen Total Checkouts Full call number Barcode Cost, replacement price Price effective from Koha item type Lost status Damaged status Not for loan Withdrawn status Home library Current library Shelving location Date acquired Cost, normal purchase price BOOK NO
06/04/2026   658.4 DIX 004212 6712.50 06/04/2026 Book         Indian Institute of Management Visakhapatnam Indian Institute of Management Visakhapatnam   06/04/2026 6712.50 DIX

Copyright © 2024 Indian Institute of Management Visakhapatnam
Koha v23.05